[Event "PRO League Atlantic 2017"]
[Site "masterchessopen.com chess.com INT"]
[Date "2017.02.01"]
[Round "4"]
[White "Oussedik,E"]
[Black "Matros,A"]
[Result "1-0"]
[WhiteElo "2155"]
[BlackElo "2442"]

1. d4 d5 2. c4 e6 3. e3 Nf6 4. Nc3 c6 5. Nf3 Nbd7 6. Qc2 Bd6 7. b3 O-O 8. Bb2
Re8 9. Be2 dxc4 10. bxc4 e5 11. O-O Qe7 12. a4 e4 13. Nd2 Nf8 14. h3 Ng6 15.
Rfe1 h5 16. Bf1 h4 17. Qb3 Bf5 18. Ba3 Rad8 19. Bxd6 Rxd6 20. c5 Rd7 21. Nc4
Be6 22. Qc2 Bxc4 23. Bxc4 Nh7 24. f4 exf3 25. Qxg6 Ng5 26. Qh5 Qf6 27. Qxh4
Rxd4 28. exd4 Nxh3+ 29. gxh3 Qxh4 30. Rxe8+ Kh7 31. Ne4 f6 32. Bd3 f5 33. Nf2
g6 34. Rb1 Qxd4 35. Rxb7+ Kh6 36. h4 Qf6 37. Ree7 g5 38. Rh7+ Kg6 39. h5# 1-0

[Event "PRO League Atlantic 2017"]
[Site "masterchessopen.com chess.com INT"]
[Date "2017.02.01"]
[Round "4"]
[White "Bazzano,S"]
[Black "Biag,Ivan Gil"]
[Result "0-1"]
[WhiteElo "2280"]
[BlackElo "2337"]

1. d4 d5 2. c4 c6 3. Nf3 Nf6 4. e3 e6 5. Nc3 Nbd7 6. cxd5 exd5 7. Bd3 Bd6 8.
O-O O-O 9. Re1 h6 10. h3 Re8 11. e4 dxe4 12. Nxe4 Nxe4 13. Bxe4 Nf6 14. Bd3
Rxe1+ 15. Qxe1 Be6 16. Bd2 Bd5 17. Qd1 Qb6 18. Bc3 Re8 19. Ne5 Ne4 20. Bxe4
Bxe4 21. Nc4 Qd8 22. Nxd6 Qxd6 23. Qg4 Bd5 24. Re1 Rxe1+ 25. Bxe1 Be6 26. Qe4
Bxa2 27. Bc3 Bd5 28. Qe3 b5 29. b4 Qg6 30. f3 Qc2 31. Qd2 Qb1+ 32. Kf2 Kh7 33.
Qe1 Qc2+ 34. Qd2 Qb1 35. Ke3 Bc4 36. Kf2 Qg6 37. Qe3 Bd5 38. Qf4 Qb1 39. Qd2
g5 40. Ke3 f5 41. Kf2 Bc4 42. Qe1 Qc2+ 43. Kg1 Be2 44. Qd2 Qxd2 45. Bxd2 Kg6
46. Kf2 Bd3 47. f4 Kf6 {#R} 0-1

[Event "22nd HIT Open 2017"]
[Site "masterchessopen.com Nova Gorica SLO"]
[Date "2017.01.30"]
[Round "6.11"]
[White "Jelen,Ig"]
[Black "Skok,B"]
[Result "1-0"]
[WhiteElo "2391"]
[BlackElo "2035"]

1. d4 d5 2. c4 c6 3. Nc3 Nf6 4. e3 e6 5. Nf3 Nbd7 6. Bd3 Bd6 7. e4 dxc4 8.
Bxc4 Be7 9. O-O b5 10. Bd3 b4 11. Na4 Bb7 12. Bg5 h6 13. Bh4 g5 14. Bg3 Nh5
15. Rc1 Nxg3 16. fxg3 g4 17. Nd2 Nb6 18. d5 cxd5 19. Bb5+ Kf8 20. Qxg4 Nxa4
21. Qg6 Qb6+ 22. Kh1 f6 23. Rxf6+ Bxf6 24. Qxf6+ Kg8 25. Qg6+ Kf8 26. Rf1+ Ke7
27. Qg7+ Kd6 28. Qd7+ Ke5 29. Nf3+ {#r} 1-0

[Event "22nd HIT Open 2017"]
[Site "masterchessopen.com Nova Gorica SLO"]
[Date "2017.02.02"]
[Round "9.11"]
[White "Unuk,Laura"]
[Black "Janzelj,Lara"]
[Result "1-0"]
[WhiteElo "2241"]
[BlackElo "2106"]

1. d4 d5 2. c4 c6 3. e3 Nf6 4. Nc3 e6 5. Nf3 Nbd7 6. Bd3 Bd6 7. O-O O-O 8. e4
dxe4 9. Nxe4 Nxe4 10. Bxe4 Nf6 11. Bc2 Qc7 12. Qd3 g6 13. b3 Rd8 14. Bg5 Be7
15. Rad1 Nh5 16. Qe3 f6 17. Bh6 Bd6 18. Rfe1 Bf4 19. Bxf4 Qxf4 20. Qc3 Bd7 21.
Re4 Qd6 22. Qe3 Ng7 23. c5 Qf8 24. Qe2 Be8 25. b4 Bf7 26. Bb3 Rd7 27. b5 cxb5
28. Qxb5 Rad8 29. Rde1 g5 30. h3 Kh8 31. R4e2 a6 32. Qb6 Bh5 33. g4 Bf7 34. d5
Rxd5 35. Bxd5 Rxd5 36. Qxb7 Qxc5 37. Qxf7 {#r} 1-0

[Event "TCh-HUN 2016-17"]
[Site "masterchessopen.com Hungary HUN"]
[Date "2017.01.29"]
[Round "5.11"]
[White "Erdos,B"]
[Black "Peczely,S"]
[Result "0-1"]
[WhiteElo "2203"]
[BlackElo "2212"]

1. d4 d5 2. c4 c6 3. Nc3 Nf6 4. e3 e6 5. Nf3 Nbd7 6. Qc2 Bd6 7. Bd3 dxc4 8.
Bxc4 b5 9. Be2 Bb7 10. O-O O-O 11. e4 e5 12. dxe5 Nxe5 13. Nd4 Neg4 14. g3
Bxg3 15. hxg3 Qxd4 16. Qd1 Qxd1 17. Rxd1 Bc8 18. f3 b4 19. Na4 Ne5 20. Be3 Re8
21. Rac1 Be6 22. b3 Nfd7 23. Rd6 h5 24. Bd4 g6 25. f4 Ng4 26. Bd3 Rad8 27.
Bxa7 Ndf6 28. Rcxc6 Bd7 29. Ra6 Nxe4 30. Nc5 Nxd6 31. Rxd6 Bf5 32. Rxd8 Rxd8
33. Bxf5 Rd1+ 34. Kg2 Ne3+ 35. Kf2 Nxf5 36. Ne4 Ra1 37. Bc5 Rxa2+ 38. Kf1 Rb2
39. Bxb4 Rxb3 40. Be1 Re3 {#R} 0-1

[Event "4th Floripa Masters 2017"]
[Site "masterchessopen.com Florianopolis BRA"]
[Date "2017.01.28"]
[Round "3.2"]
[White "Shumyatsky,V"]
[Black "Cunha,Lucas Aguiar"]
[Result "0-1"]
[WhiteElo "2452"]
[BlackElo "2287"]

1. c4 e6 2. Nc3 d5 3. d4 c6 4. e3 Nf6 5. Nf3 Nbd7 6. Bd3 dxc4 7. Bxc4 b5 8.
Bd3 a6 9. a4 b4 10. Ne4 c5 11. O-O Bb7 12. Nxf6+ gxf6 13. Re1 Bd6 14. Bd2 Rg8
15. Rc1 Qa5 16. g3 cxd4 17. exd4 Rg4 18. Bf1 Ke7 19. Bg2 Rag8 20. Ne5 Rxd4 21.
Nc4 Rxc4 22. Bxb7 Rxc1 23. Bxc1 Nc5 24. Bg2 Qxa4 25. Qf3 Rc8 26. Rd1 Qc2 27.
Be3 Nd3 28. Rd2 Ne5 29. Qe2 Qa4 30. h3 b3 31. Bd4 Rc2 32. Be4 Qxd4 {#R} 0-1

[Event "Gibraltar Masters 2017"]
[Site "masterchessopen.com Caleta ENG"]
[Date "2017.02.01"]
[Round "9.46"]
[White "Ider,B"]
[Black "Bellin,R"]
[Result "1-0"]
[WhiteElo "2463"]
[BlackElo "2353"]

1. d4 g6 2. g3 Bg7 3. Bg2 c5 4. c3 cxd4 5. cxd4 d5 6. Nc3 Nf6 7. Nf3 O-O 8.
Ne5 e6 9. O-O Nfd7 10. Nf3 Qb6 11. Na4 Qa6 12. b3 b5 13. Nb2 Nc6 14. Be3 Qb6
15. Rc1 Bb7 16. Nd3 a6 17. Qd2 Rfc8 18. Nc5 Nxc5 19. dxc5 Qd8 20. Bh6 Qf8 21.
Bxg7 Qxg7 22. Rfd1 b4 23. e3 Rc7 24. Nd4 Nxd4 25. exd4 e5 26. dxe5 Qxe5 27.
Bxd5 Bxd5 28. Qxd5 Qxd5 29. Rxd5 Rac8 30. Kf1 f5 31. Ke2 f4 32. gxf4 Kf7 33.
Kd3 Kf6 34. Kd4 {#r} 1-0

[Event "PRO League Atlantic 2017"]
[Site "masterchessopen.com chess.com INT"]
[Date "2017.02.01"]
[Round "4"]
[White "Shen,Christopher Y"]
[Black "Pozo Vera,S"]
[Result "0-1"]
[WhiteElo "2165"]
[BlackElo "2428"]

1. c4 c6 2. g3 d5 3. Nf3 g6 4. Bg2 Bg7 5. O-O Nf6 6. d4 O-O 7. Nc3 dxc4 8. Ne5
Ng4 9. Bf4 Nxe5 10. Bxe5 Bxe5 11. dxe5 Qxd1 12. Rfxd1 Nd7 13. e6 Nc5 14. exf7+
Kxf7 15. Rd4 Be6 16. Rad1 Rac8 17. Bf1 b5 18. a3 Nb3 19. Rf4+ Kg7 20. Re4 Kf7
21. Rf4+ Ke8 22. Re4 Bf5 23. Re5 Bc2 24. Rd6 Na5 25. Ne4 Rf5 26. Rde6 Rxe5 27.
Rxe5 Bxe4 28. Rxe4 Rd8 29. Rh4 Rd2 30. Rxh7 Rxb2 31. Rg7 c3 {#R} 0-1

[Event "Portugal Open 2017"]
[Site "masterchessopen.com Lisbon POR"]
[Date "2017.02.04"]
[Round "2.22"]
[White "Maloberti,D"]
[Black "Suarez Uriel,A"]
[Result "0-1"]
[WhiteElo "2113"]
[BlackElo "2389"]

1. d4 Nf6 2. c4 g6 3. Nc3 d5 4. Bg5 Ne4 5. Nxe4 dxe4 6. e3 Bg7 7. Qc2 c5 8.
O-O-O cxd4 9. exd4 Qa5 10. d5 Qxa2 11. Qb1 Qa4 12. f3 Na6 13. fxe4 Nc5 14. Nf3
Bd7 15. Nd2 Rc8 16. Re1 b5 17. b3 Qa3+ 18. Kd1 bxc4 19. Bxc4 Rb8 20. Be3 Na4
21. Kc2 O-O 22. Nf3 Rfc8 {#R} 0-1

[Event "Turkish Cup 2017"]
[Site "masterchessopen.com Antalya TUR"]
[Date "2017.01.30"]
[Round "4.13"]
[White "Gulden,Egemen"]
[Black "Yazici,Ugur Doga"]
[Result "0-1"]
[WhiteElo "2180"]
[BlackElo "2094"]

1. d4 Nf6 2. c4 g6 3. Nc3 d5 4. Bg5 Bg7 5. e3 O-O 6. Bd3 dxc4 7. Bxc4 c5 8. d5
Qa5 9. Bxf6 Bxf6 10. Nge2 Nd7 11. O-O Nb6 12. Qd3 Nxc4 13. Qxc4 b6 14. Rfe1
Ba6 15. Qb3 Rfd8 16. Rad1 Rac8 17. e4 b5 18. Ng3 b4 19. Nce2 c4 20. Qc2 Bb5
21. Ra1 Ba4 22. Qc1 e6 23. dxe6 fxe6 24. f4 c3 25. b3 Bc6 26. Rf1 Rd2 27. a3
Qc5+ 28. Kh1 a5 29. axb4 axb4 30. e5 Qd5 31. Rg1 Be7 32. Qf1 Bc5 33. Ra5 c2
34. Rxc5 Qxc5 35. Qc1 Qd5 {#R} 0-1

[Event "13th Moscow Open A 2017"]
[Site "masterchessopen.com Moscow RUS"]
[Date "2017.01.31"]
[Round "4.13"]
[White "Sanzhaev,D"]
[Black "Sviridov,Va"]
[Result "0-1"]
[WhiteElo "2401"]
[BlackElo "2515"]

1. d4 Nf6 2. c4 g6 3. Nc3 d5 4. Bf4 Bg7 5. e3 O-O 6. Rc1 Be6 7. cxd5 Nxd5 8.
Nxd5 Qxd5 9. b3 Na6 10. Nf3 Qa5+ 11. Qd2 Nb4 12. Be2 c6 13. O-O Qa3 14. Bc4
Bxc4 15. Rxc4 b5 16. Rc5 a5 17. Ra1 a4 18. bxa4 Qxa4 19. h4 Rfc8 20. Ne5 f6
21. Nd3 Nd5 22. Bg3 Bf8 23. Rc2 b4 24. Nc5 Qb5 25. e4 Nc3 26. e5 Ra7 27. Re1
Qc4 28. a4 Rd8 29. exf6 Rxd4 30. Qe3 exf6 31. Ne6 Re7 32. f3 Rd3 33. Qf4 Qxf4
34. Nxf4 Rxe1+ 35. Bxe1 Rd1 36. Kf1 c5 37. a5 b3 38. Rxc3 b2 39. Rb3 b1=Q 40.
Rxb1 Rxb1 41. Ke2 Bd6 42. Nd5 Kf7 {#R} 0-1

[Event "Gibraltar Masters 2017"]
[Site "masterchessopen.com Caleta ENG"]
[Date "2017.02.01"]
[Round "9.99"]
[White "Suez Panama,G"]
[Black "Osuna Vega,E"]
[Result "1-0"]
[WhiteElo "2010"]
[BlackElo "2181"]

1. d4 Nf6 2. Nf3 g6 3. c4 Bg7 4. Nc3 d5 5. cxd5 Nxd5 6. e4 Nxc3 7. bxc3 O-O 8.
Rb1 c5 9. Be2 b6 10. O-O Bb7 11. Qd3 cxd4 12. cxd4 Ba6 13. Qe3 Bxe2 14. Qxe2
Qd7 15. Be3 e6 16. Rfd1 Nc6 17. d5 exd5 18. exd5 Ne7 19. d6 Nf5 20. Bf4 Rfe8
21. Qd3 h5 22. Rbc1 Rad8 23. Rc7 Qa4 24. d7 Rf8 25. Bg5 f6 26. Qd5+ Kh7 27.
Bc1 a6 28. h3 Ne7 29. Qb3 Qxb3 30. axb3 Nf5 31. g4 hxg4 32. hxg4 Nh6 33. Bxh6
Bxh6 34. Nd4 Bf4 35. Rb7 Bd6 36. Nc6 Be5 37. Nxd8 Rxd8 38. Rc1 {#r} 1-0

[Event "Portugal Open 2017"]
[Site "masterchessopen.com Lisbon POR"]
[Date "2017.02.05"]
[Round "3.14"]
[White "Teske,H"]
[Black "Lasinskas,P"]
[Result "1-0"]
[WhiteElo "2481"]
[BlackElo "2231"]

1. d4 Nf6 2. c4 g6 3. Nc3 d5 4. cxd5 Nxd5 5. e4 Nxc3 6. bxc3 Bg7 7. Qa4+ Nd7
8. Nf3 O-O 9. Be3 c5 10. Rd1 Qc7 11. Bd3 e6 12. O-O b6 13. Qb3 Bb7 14. d5 exd5
15. exd5 Ne5 16. Nxe5 Qxe5 17. c4 Bc8 18. Rfe1 Qd6 19. g3 Bg4 20. Be2 Bxe2 21.
Rxe2 Qd7 22. Rde1 Rfe8 23. Qd3 h6 24. Bf4 Kf8 25. h4 h5 26. Re4 Rxe4 27. Qxe4
Bf6 28. Kh2 Rd8 29. Be5 Bxe5 30. Qxe5 Kg8 31. Qf6 Rf8 32. Re7 Qa4 33. Qf4 Qd1
34. Rxa7 b5 35. cxb5 Qxd5 36. b6 c4 37. b7 Qb5 38. Qd6 Re8 39. Ra8 {#r} 1-0

[Event "TCh-CAT Gp2 2017"]
[Site "masterchessopen.com Barcelona ESP"]
[Date "2017.01.28"]
[Round "2.3"]
[White "Gallego Alcaraz,A"]
[Black "Torrecillas Martinez,A"]
[Result "1-0"]
[WhiteElo "2428"]
[BlackElo "2364"]

1. d4 Nf6 2. c4 g6 3. Nc3 d5 4. cxd5 Nxd5 5. e4 Nxc3 6. bxc3 Bg7 7. Bc4 c5 8.
Ne2 O-O 9. O-O Nc6 10. Be3 Bg4 11. f3 Bd7 12. Rb1 Rc8 13. Bd3 Qc7 14. Qd2 Rfd8
15. Rfc1 Na5 16. Bf4 e5 17. Bg3 b6 18. Bh4 Re8 19. Bg3 Red8 20. Qe3 Ba4 21.
Ba6 Rb8 22. dxe5 Bxe5 23. f4 Bg7 24. f5 Be5 25. f6 Kh8 26. Rf1 b5 27. Rf3 Rg8
28. Qg5 Nc4 29. Nf4 Qd6 30. Nd5 Bxg3 31. Rxg3 Qe5 32. Qg4 Rge8 33. Re1 Re6 34.
Rh3 Rxa6 35. Rh6 Rxf6 36. Qh4 Re6 37. Rxh7+ Kg8 38. Rf1 Rb7 39. Rf6 Qxd5 40.
exd5 {#r} 1-0

[Event "37th TCh-IND 2017"]
[Site "masterchessopen.com Bhopal IND"]
[Date "2017.02.03"]
[Round "3.1"]
[White "Sharma,Di"]
[Black "Narayanan,SL"]
[Result "0-1"]
[WhiteElo "2272"]
[BlackElo "2524"]

1. d4 Nf6 2. Nf3 g6 3. c4 Bg7 4. Nc3 d5 5. Bf4 O-O 6. Rc1 dxc4 7. e4 Bg4 8.
Bxc4 Nh5 9. Be3 Bxf3 10. gxf3 e5 11. dxe5 Bxe5 12. Qxd8 Rxd8 13. O-O Nd7 14.
Ne2 Bxb2 15. Rb1 Ne5 16. Bd5 c6 17. Bxc6 Nxf3+ 18. Kg2 Nd2 19. Bd5 Nxf1 20.
Kxf1 Be5 21. Rxb7 Nf6 22. Bxf7+ Kh8 23. f4 Rab8 24. Rxb8 Bxb8 25. Bd4 Kg7 26.
Bb3 Bc7 27. Bd5 Rb8 28. Bb3 Rb4 29. e5 Ne4 30. Kg2 Bb6 31. Bb2 Bc5 32. Bc1 Be7
33. Kf3 Nc5 34. Bd5 Rb1 35. Be3 Rf1+ 36. Kg2 Rd1 37. Bc4 Rb1 38. Bd4 a5 39.
e6+ Kf8 40. Bd5 Rb6 41. Bc4 Rc6 42. f5 gxf5 43. Bd5 Rd6 44. Nf4 Nd3 {#R} 0-1

[Event "25th Fajr Open 2017"]
[Site "masterchessopen.com Sareyn IRI"]
[Date "2017.01.31"]
[Round "6.3"]
[White "Idani,P"]
[Black "Mosadeghpour,Masoud"]
[Result "1-0"]
[WhiteElo "2552"]
[BlackElo "2478"]

1. d4 Nf6 2. Nf3 g6 3. c4 Bg7 4. Nc3 d5 5. Qb3 dxc4 6. Qxc4 O-O 7. e4 Nfd7 8.
Be3 Nb6 9. Qc5 Bg4 10. Nd2 e5 11. d5 c6 12. h3 cxd5 13. exd5 Bf5 14. Qa5 Na6
15. Be2 Nc7 16. g4 Bc8 17. d6 Na6 18. Nde4 f5 19. gxf5 gxf5 20. Bg5 Qe8 21.
Ng3 Bf6 22. Bh6 Bg7 23. Bxg7 Kxg7 24. Rg1 Kh8 25. Nh5 Nb8 26. Nb5 Rg8 27.
O-O-O Rxg1 28. Rxg1 Qc6+ 29. Nc3 N8d7 30. Qb4 Nf8 31. Qh4 Qxd6 32. Nf6 Be6 33.
Qg5 {#r} 1-0

[Event "Gibraltar Masters 2017"]
[Site "masterchessopen.com Caleta ENG"]
[Date "2017.02.01"]
[Round "9.62"]
[White "Perez Garcia,Alejandro"]
[Black "Buchenau,F"]
[Result "1-0"]
[WhiteElo "2398"]
[BlackElo "2274"]

1. d4 e6 2. c4 Nf6 3. g3 c5 4. Nf3 cxd4 5. Nxd4 d5 6. Bg2 e5 7. Nf3 d4 8. O-O
Nc6 9. e3 Be7 10. exd4 exd4 11. Bf4 O-O 12. Qb3 Nd7 13. Qd1 Nc5 14. Ne5 Be6
15. Bxc6 bxc6 16. Nxc6 Qd7 17. Nxe7+ Qxe7 18. Qxd4 Rfd8 19. Qe3 Qb7 20. Nc3
Bh3 21. Nd5 Bxf1 22. Rxf1 Ne6 23. b3 a5 24. Rd1 Re8 25. Be5 Qc6 26. Qf3 Rac8
27. Nf6+ {#r} 1-0

[Event "13th Moscow Open A 2017"]
[Site "masterchessopen.com Moscow RUS"]
[Date "2017.02.05"]
[Round "9.6"]
[White "Goganov,A"]
[Black "Levin,Ev"]
[Result "0-1"]
[WhiteElo "2639"]
[BlackElo "2506"]

1. d4 Nf6 2. c4 e6 3. g3 c5 4. Nf3 cxd4 5. Nxd4 d5 6. Bg2 e5 7. Nf3 d4 8. O-O
Nc6 9. e3 Be7 10. exd4 exd4 11. Bf4 Be6 12. Ne5 Rc8 13. Nxc6 bxc6 14. Be5 d3
15. Nd2 O-O 16. Bc3 Re8 17. b4 Nd7 18. Re1 Bf6 19. Qb3 c5 20. b5 Bf5 21. Bb7
Rb8 22. Bc6 Re7 23. Nf3 h6 24. Kg2 Qf8 25. Bxd7 Rxd7 26. Bxf6 gxf6 27. Qc3 Kg7
28. Qd2 Qd6 29. a4 Rbd8 30. a5 Re7 31. Rxe7 Qxe7 32. Qe3 Qe4 33. Kg1 d2 34.
Rd1 Rd3 35. Qxe4 Bxe4 36. Nxd2 Bf3 37. Nxf3 Rxd1+ 38. Kg2 Kf8 39. Nh4 Rc1 40.
Nf5 Rxc4 {#R} 0-1

[Event "Turkish Cup 2017"]
[Site "masterchessopen.com Antalya TUR"]
[Date "2017.02.04"]
[Round "11.4"]
[White "Arat,Uf"]
[Black "Kilic,Efe Mert"]
[Result "0-1"]
[WhiteElo "2392"]
[BlackElo "2202"]

1. d4 Nf6 2. c4 e6 3. g3 Bb4+ 4. Bd2 Bxd2+ 5. Qxd2 O-O 6. Bg2 d6 7. Nf3 Nbd7
8. Nc3 Re8 9. O-O e5 10. e4 Nb6 11. b3 Bg4 12. Ne1 exd4 13. Qxd4 Nfd7 14. h3
Bh5 15. f4 f6 16. Nc2 a5 17. Ne3 Nc5 18. Rae1 Bf7 19. g4 a4 20. b4 Na6 21. b5
Nc5 22. h4 h6 23. Ncd5 Nbd7 24. Kh2 a3 25. Nf5 Ra4 26. g5 hxg5 27. hxg5 Ne6
28. Qc3 fxg5 29. Bh3 gxf4 30. Rxf4 Ne5 31. Rg1 Nxf4 32. Rxg7+ Kf8 33. Nxf4 Qf6
34. Qg3 Rxc4 35. Rh7 Rc2+ 36. Bg2 Ng6 37. Rh6 Nxf4 38. Rxf6 Rxg2+ 39. Qxg2
Nxg2 40. Nh6 Re7 {#R} 0-1

[Event "PRO League Central 2017"]
[Site "masterchessopen.com chess.com INT"]
[Date "2017.02.01"]
[Round "4"]
[White "Csonka,B"]
[Black "Adair,J"]
[Result "0-1"]
[WhiteElo "2414"]
[BlackElo "2480"]

1. d4 d5 2. c4 e6 3. Nf3 Nf6 4. g3 Bb4+ 5. Bd2 Be7 6. Bg2 c6 7. Qc2 O-O 8. O-O
b6 9. Bf4 Nbd7 10. Rd1 Ba6 11. Ne5 Rc8 12. cxd5 Nxd5 13. Nc3 Nxe5 14. Bxe5 f6
15. Bf4 Nxf4 16. gxf4 f5 17. Qa4 Bb7 18. Qxa7 Qc7 19. Nb5 cxb5 20. Qxb7 Qxb7
21. Bxb7 Rc2 22. e3 Bh4 23. Rf1 Rb8 24. Bf3 Rxb2 25. Kg2 Rc8 26. Bd1 Rc3 27.
Kf3 Kf7 28. Bb3 g5 29. fxg5 Bxg5 30. Rab1 Rd2 31. Rfd1 Rcd3 32. Rxd2 Rxd2 33.
Bd1 b4 34. Be2 Be7 35. Bc4 b5 36. Bb3 Bh4 37. Rf1 Kf6 38. h3 h6 39. Kg2 Ke7
40. Kf3 Kd6 {#R} 0-1

[Event "Turkish Cup 2017"]
[Site "masterchessopen.com Antalya TUR"]
[Date "2017.02.02"]
[Round "8.1"]
[White "Soysal,Serkan"]
[Black "Sanal,V"]
[Result "0-1"]
[WhiteElo "2336"]
[BlackElo "2475"]

1. d4 Nf6 2. c4 e6 3. g3 d5 4. Bg2 Bb4+ 5. Nd2 O-O 6. Qc2 Nc6 7. Ngf3 Ne4 8.
e3 Nxd2 9. Nxd2 dxc4 10. Qxc4 Bd6 11. O-O e5 12. d5 Na5 13. Qc3 c5 14. a3 b6
15. b4 Nb7 16. Nc4 f6 17. f4 exf4 18. exf4 Bf5 19. b5 Re8 20. Bb2 Qd7 21. a4
Re2 22. Rf2 Re7 23. Re1 Rae8 24. Rxe7 Rxe7 25. Qd2 Qe8 26. Bf3 h5 27. Re2 Rxe2
28. Qxe2 Qxe2 29. Bxe2 Bc2 30. a5 bxa5 31. Nxd6 Nxd6 32. Ba3 Nb7 33. Bxh5 g6
34. Bf3 Bd3 35. d6 Nxd6 36. Bxc5 Nxb5 37. Bc6 a6 38. Bxb5 axb5 39. Bb6 a4 40.
Bc5 Kf7 41. Kf2 Ke6 42. Ke3 Kd5 43. Be7 Kc4 44. Bxf6 Bf5 45. Kd2 b4 {#R} 0-1

[Event "PRO League Eastern 2017"]
[Site "masterchessopen.com chess.com INT"]
[Date "2017.02.01"]
[Round "4"]
[White "Romanov,E"]
[Black "Yatzenko,A"]
[Result "1-0"]
[WhiteElo "2644"]
[BlackElo "2361"]

1. d4 Nf6 2. c4 e6 3. g3 d5 4. Bg2 Be7 5. Nf3 O-O 6. Qc2 b6 7. O-O Bb7 8. cxd5
exd5 9. Nc3 Nbd7 10. Rd1 Re8 11. Bf4 c6 12. Ne5 Nf8 13. e4 Ne6 14. Be3 Rc8 15.
Rac1 Bb4 16. exd5 cxd5 17. Qa4 Bxc3 18. bxc3 a6 19. c4 Qe7 20. cxd5 Nxd5 21.
Qd7 Rc7 22. Rxc7 Nexc7 23. Rc1 f6 24. Qxe7 Rxe7 25. Nc4 Nb5 26. a4 Nbc3 27.
Rc2 b5 28. axb5 axb5 29. Nd6 Bc6 30. Bxd5+ {#r} 1-0

[Event "PRO League Atlantic 2017"]
[Site "masterchessopen.com chess.com INT"]
[Date "2017.02.01"]
[Round "4"]
[White "Lenderman,A"]
[Black "Vazquez,Guillermo"]
[Result "1-0"]
[WhiteElo "2573"]
[BlackElo "2437"]

1. c4 e6 2. g3 d5 3. Bg2 dxc4 4. Qa4+ Nd7 5. Qxc4 a6 6. Qc2 Ngf6 7. d4 c5 8.
dxc5 Bxc5 9. Nc3 O-O 10. Nf3 Ra7 11. O-O b5 12. Ng5 Bb7 13. Nce4 Bb6 14. Rd1
Bxe4 15. Nxe4 Rc7 16. Qd3 Nxe4 17. Bxe4 Qf6 18. Bf4 e5 19. Be3 Nc5 20. Bxh7+
Kh8 21. Qf5 Qxf5 22. Bxf5 Na4 23. Bxb6 Nxb6 24. Rd6 Nc4 25. Rxa6 Nxb2 26. Rb1
{#r} 1-0

[Event "Gibraltar Masters 2017"]
[Site "masterchessopen.com Caleta ENG"]
[Date "2017.01.31"]
[Round "8.59"]
[White "Kantor,G"]
[Black "Pourkashiyan,A"]
[Result "1-0"]
[WhiteElo "2448"]
[BlackElo "2303"]

1. d4 Nf6 2. c4 e6 3. g3 d5 4. Bg2 dxc4 5. Nf3 Bb4+ 6. Bd2 a5 7. Qc2 Bxd2+ 8.
Qxd2 c6 9. a4 Nbd7 10. Na3 Nb6 11. Ne5 Nfd5 12. Naxc4 Nxc4 13. Nxc4 O-O 14.
O-O b6 15. Rfd1 Bb7 16. e4 Nb4 17. e5 Rb8 18. Nd6 Ba8 19. Ra3 Qd7 20. g4 f6
21. g5 fxe5 22. dxe5 c5 23. Bxa8 Rxa8 24. Rh3 Rf5 25. f4 Rff8 26. Rh4 g6 27.
Rh6 Ra7 28. h4 Qc6 29. Rf1 c4 30. Qd4 Nc2 31. Qf2 Qc5 32. h5 Rxf4 33. Qxc5
Rg4+ 34. Kh2 bxc5 35. hxg6 Rxg5 36. Rf7 Nd4 37. gxh7+ Kh8 38. Rf8+ {#r} 1-0

[Event "Gibraltar Masters 2017"]
[Site "masterchessopen.com Caleta ENG"]
[Date "2017.02.01"]
[Round "9.76"]
[White "Piasetski,L"]
[Black "Bopp,T"]
[Result "1-0"]
[WhiteElo "2327"]
[BlackElo "2157"]

1. Nf3 d5 2. d4 e6 3. c4 Nf6 4. g3 dxc4 5. Bg2 Nc6 6. Qa4 Bb4+ 7. Bd2 Nd5 8.
Qb5 O-O 9. Qxc4 Bd7 10. Bxb4 Ncxb4 11. O-O Nc6 12. Nbd2 Rc8 13. a3 Na5 14. Qa2
Bb5 15. Rfe1 b6 16. e4 Nf6 17. b4 Nb7 18. Qb2 Qe8 19. d5 exd5 20. exd5 Qd8 21.
Nd4 Bd7 22. Nc4 Re8 23. Qb3 Kf8 24. h3 Nd6 25. Ne5 Kg8 26. f4 g6 27. g4 h6 28.
Re3 Rf8 29. Ndc6 Bxc6 30. Nxc6 {#r} 1-0

[Event "4th Floripa Masters 2017"]
[Site "masterchessopen.com Florianopolis BRA"]
[Date "2017.01.31"]
[Round "7.4"]
[White "Trois,F"]
[Black "Cunha,Lucas Aguiar"]
[Result "0-1"]
[WhiteElo "2218"]
[BlackElo "2287"]

1. Nf3 d5 2. g3 c5 3. Bg2 Nc6 4. d4 Nf6 5. O-O e6 6. c4 dxc4 7. dxc5 Qxd1 8.
Rxd1 Bxc5 9. Nbd2 c3 10. bxc3 O-O 11. Nb3 Be7 12. c4 Nd7 13. Be3 Ba3 14. Nfd4
Nxd4 15. Bxd4 a5 16. Rab1 Ra6 17. Rd3 Bb4 18. f4 Rd6 19. c5 Ra6 20. a4 e5 21.
fxe5 Re6 22. Bd5 Re7 23. Re3 Nb8 24. Bc3 Bf5 25. Rc1 Rd8 26. Bg2 Nc6 27. Bxc6
bxc6 28. Bxb4 axb4 29. Na5 Rc7 30. Nc4 Ra7 31. a5 Rb8 32. Rd1 h5 33. Nb6 Bc2
34. Rf1 b3 35. e6 b2 36. e7 Re8 {#R} 0-1

[Event "25th Fajr Open 2017"]
[Site "masterchessopen.com Sareyn IRI"]
[Date "2017.02.02"]
[Round "9.2"]
[White "Manafov,Vugar"]
[Black "Omidi,Arya"]
[Result "0-1"]
[WhiteElo "2006"]
[BlackElo "2313"]

1. d4 Nf6 2. c4 e6 3. Nf3 d5 4. g3 Be7 5. Bg2 O-O 6. O-O dxc4 7. Qc2 b5 8. a4
b4 9. Ne5 Qxd4 10. Nxc4 c6 11. Be3 Qd8 12. Rd1 Nd5 13. Bd4 Bd7 14. e4 Nb6 15.
Ne5 c5 16. Be3 a5 17. Nd2 Qc7 18. Bf4 Qa7 19. Ndc4 Nxc4 20. Nxc4 Nc6 21. e5
Nd4 22. Rxd4 cxd4 23. Bxa8 Qxa8 24. Qd3 Bc5 25. f3 Bc6 26. Kg2 Qa6 27. b3 Bd5
28. Rc1 h6 29. h4 Ba7 30. Kf2 Rc8 31. Nb2 Qb7 32. Nc4 Bxc4 33. Rxc4 Rxc4 34.
Qxc4 d3+ 35. Kg2 Qd7 36. Bd2 Qd4 37. Qxd4 Bxd4 38. Kf1 Bxe5 39. Be3 Bc7 40.
Ke1 Bxg3+ 41. Kd2 Bc7 42. Kxd3 Bd8 43. Ke4 h5 44. f4 Kf8 45. Bd4 g6 46. Ke5
Ke8 47. Ke4 Bxh4 48. Bb6 Bd8 {#R} 0-1

[Event "PRO League Pacific 2017"]
[Site "masterchessopen.com chess.com INT"]
[Date "2017.02.01"]
[Round "4"]
[White "Nagle,S"]
[Black "Toolin,C"]
[Result "1-0"]
[WhiteElo "2423"]
[BlackElo "2209"]

1. Nf3 d5 2. d4 Nf6 3. c4 e6 4. g3 Be7 5. Bg2 O-O 6. O-O dxc4 7. Qc2 b5 8. a4
b4 9. Ne5 Qxd4 10. Nxc4 Nd5 11. Rd1 Qg4 12. Ne3 Nxe3 13. Bxe3 c6 14. Bf3 Qf5
15. Be4 Qh5 16. Nd2 Ba6 17. Nc4 f5 18. Bf3 Qe8 19. Nd6 Qg6 20. Nb5 cxb5 21.
Bxa8 Rc8 22. Qb3 bxa4 23. Qxa4 Bxe2 24. Rdc1 Rf8 25. Qxa7 Bd6 26. Bc5 Bxc5 27.
Qxc5 Nd7 28. Qxb4 f4 29. Ra7 fxg3 30. hxg3 Nf6 31. Bg2 Ng4 32. Qxf8+ Kxf8 33.
Rc8+ Qe8 34. Rxe8+ Kxe8 35. Rxg7 {#r} 1-0

[Event "PRO League Atlantic 2017"]
[Site "masterchessopen.com chess.com INT"]
[Date "2017.02.01"]
[Round "4"]
[White "Mareco,S"]
[Black "Moradiabadi,E"]
[Result "1-0"]
[WhiteElo "2645"]
[BlackElo "2574"]

1. c4 Nf6 2. Nf3 e6 3. g3 d5 4. Bg2 Be7 5. O-O O-O 6. d4 c6 7. Qc2 b6 8. Nbd2
Bb7 9. e4 Na6 10. a3 dxc4 11. Nxc4 b5 12. Ncd2 c5 13. e5 Nd5 14. Ne4 cxd4 15.
Nxd4 Qb6 16. Rd1 Nc5 17. Ng5 Bxg5 18. Bxg5 h6 19. Bc1 Rac8 20. Qe2 Rfd8 21.
Qxb5 Qc7 22. Qe2 Ba6 23. Qg4 Kh8 24. Qh5 Bd3 25. Bg5 Qxe5 26. Nf3 Qf5 27. Bh3
Qe4 28. Bxd8 Be2 29. Ng5 Bxh5 30. Nxe4 Bxd1 31. Nd6 Rc6 32. Nxf7+ Kg8 33. Ne5
Rc8 34. Rxd1 {#r} 1-0